<?xml version="1.0" encoding="UTF-8"?><?xml-stylesheet type="text/xsl" href="static/style.xsl"?><OAI-PMH xmlns="http://www.openarchives.org/OAI/2.0/" xmlns:xsi="http://www.w3.org/2001/XMLSchema-instance" xsi:schemaLocation="http://www.openarchives.org/OAI/2.0/ http://www.openarchives.org/OAI/2.0/OAI-PMH.xsd"><responseDate>2026-04-17T03:01:28Z</responseDate><request verb="GetRecord" identifier="oai:www.recercat.cat:10230/48868" metadataPrefix="marc">https://recercat.cat/oai/request</request><GetRecord><record><header><identifier>oai:recercat.cat:10230/48868</identifier><datestamp>2025-12-23T20:54:49Z</datestamp><setSpec>com_2072_6</setSpec><setSpec>col_2072_452954</setSpec></header><metadata><record xmlns="http://www.loc.gov/MARC21/slim" xmlns:dcterms="http://purl.org/dc/terms/" xmlns:xsi="http://www.w3.org/2001/XMLSchema-instance" xmlns:doc="http://www.lyncode.com/xoai" xsi:schemaLocation="http://www.loc.gov/MARC21/slim http://www.loc.gov/standards/marcxml/schema/MARC21slim.xsd">
   <leader>00925njm 22002777a 4500</leader>
   <datafield ind2=" " ind1=" " tag="042">
      <subfield code="a">dc</subfield>
   </datafield>
   <datafield ind2=" " ind1=" " tag="720">
      <subfield code="a">Hernández Fuster, Oriol</subfield>
      <subfield code="e">author</subfield>
   </datafield>
   <datafield ind2=" " ind1=" " tag="260">
      <subfield code="c">2021-11-02T13:16:27Z</subfield>
   </datafield>
   <datafield ind2=" " ind1=" " tag="260">
      <subfield code="c">2021-11-02T13:16:27Z</subfield>
   </datafield>
   <datafield ind2=" " ind1=" " tag="260">
      <subfield code="c">2021-07</subfield>
   </datafield>
   <datafield ind2=" " ind1=" " tag="520">
      <subfield code="a">Tutor: Antonio Agudo</subfield>
   </datafield>
   <datafield ind2=" " ind1=" " tag="520">
      <subfield code="a">Self-driving cars have gained popularity in recent years. The increase in computational power coupled with big data has enabled the application of artificial intelligence in such complex areas as driving. Specifically, it is the field of deep learning&#xd;
that has revolutionized these applications. The use of models based on artificial&#xd;
neural networks has achieved great results in a short period of time. In this project we adapt a conventional radio-controlled car into a small-scale autonomous&#xd;
system. The car is able to drive autonomously thanks to the information provided&#xd;
by an RGB monocular camera. We analyze the whole process from assembly, data&#xd;
acquisition, training and test bench.</subfield>
   </datafield>
   <datafield ind2=" " ind1=" " tag="520">
      <subfield code="a">Els cotxes autònoms han guanyat popularitat aquests darrers anys. L’augment del&#xd;
poder computacional juntament amb el big data ha permès aplicar la intel·ligència&#xd;
artificial en àmbits tan complexos com és el de la conducció. Concretament, és el&#xd;
camp de l’aprenentatge profund el que ha revolucionat aquestes aplicacions. L’ús&#xd;
de models basats en xarxes neuronals artificials ha aconseguit grans resultats en&#xd;
un breu període de temps. En aquest projecte adaptem un cotxe radio-control&#xd;
convencional per convertir-lo en un sistema autònom a petita escala. El cotxe és&#xd;
capaç de conduir de manera autònoma gràcies a la informació que li proporciona una càmera monocular RGB. Analitzem tot el procés des de l’ensamblatge, l’adquisició de dades, l’entrenament i el banc de proves.</subfield>
   </datafield>
   <datafield ind2=" " ind1=" " tag="520">
      <subfield code="a">Los coches autónomos han ganado popularidad en los últimos años. El aumento&#xd;
del poder computacional junto con el big data ha permitido aplicar la inteligencia&#xd;
artificial en ámbitos tan complejos como es el de la conducción. Concretamente,&#xd;
es el campo del aprendizaje profundo el que ha revolucionado estas aplicaciones.&#xd;
El uso de modelos basados en redes neuronales artificiales ha conseguido grandes&#xd;
resultados en un breve periodo de tiempo. En este proyecto adaptamos un coche&#xd;
radio-control convencional para convertirlo en un sistema autónomo a pequeña&#xd;
escala. El coche es capaz de conducir de manera autónoma gracias a la información&#xd;
que le proporciona una cámara monocular RGB. Analizamos todo el proceso desde&#xd;
el ensamblaje, la adquisición de datos, el entrenamiento y el banco de pruebas.</subfield>
   </datafield>
   <datafield tag="653" ind2=" " ind1=" ">
      <subfield code="a">Artificial intelligence</subfield>
   </datafield>
   <datafield tag="653" ind2=" " ind1=" ">
      <subfield code="a">Machine learning</subfield>
   </datafield>
   <datafield tag="653" ind2=" " ind1=" ">
      <subfield code="a">Deep learning</subfield>
   </datafield>
   <datafield tag="653" ind2=" " ind1=" ">
      <subfield code="a">Neutral networks</subfield>
   </datafield>
   <datafield tag="653" ind2=" " ind1=" ">
      <subfield code="a">Computer vision</subfield>
   </datafield>
   <datafield tag="653" ind2=" " ind1=" ">
      <subfield code="a">Self-driving car</subfield>
   </datafield>
   <datafield tag="653" ind2=" " ind1=" ">
      <subfield code="a">Autonomous driving</subfield>
   </datafield>
   <datafield tag="653" ind2=" " ind1=" ">
      <subfield code="a">Intel·ligència artificial</subfield>
   </datafield>
   <datafield tag="653" ind2=" " ind1=" ">
      <subfield code="a">Aprenentatge automàtic</subfield>
   </datafield>
   <datafield tag="653" ind2=" " ind1=" ">
      <subfield code="a">Aprenentatge profund</subfield>
   </datafield>
   <datafield tag="653" ind2=" " ind1=" ">
      <subfield code="a">Xarxes neuronals</subfield>
   </datafield>
   <datafield tag="653" ind2=" " ind1=" ">
      <subfield code="a">Visió per computador</subfield>
   </datafield>
   <datafield tag="653" ind2=" " ind1=" ">
      <subfield code="a">Cotxe autònom</subfield>
   </datafield>
   <datafield tag="653" ind2=" " ind1=" ">
      <subfield code="a">Conducció autònoma</subfield>
   </datafield>
   <datafield tag="653" ind2=" " ind1=" ">
      <subfield code="a">Inteligencia artificial</subfield>
   </datafield>
   <datafield tag="653" ind2=" " ind1=" ">
      <subfield code="a">Aprendizaje automático</subfield>
   </datafield>
   <datafield tag="653" ind2=" " ind1=" ">
      <subfield code="a">Aprendizaje profundo</subfield>
   </datafield>
   <datafield tag="653" ind2=" " ind1=" ">
      <subfield code="a">Redes neuronales</subfield>
   </datafield>
   <datafield tag="653" ind2=" " ind1=" ">
      <subfield code="a">Visión por computador</subfield>
   </datafield>
   <datafield tag="653" ind2=" " ind1=" ">
      <subfield code="a">Coche autónomo</subfield>
   </datafield>
   <datafield tag="653" ind2=" " ind1=" ">
      <subfield code="a">Conducción autónoma</subfield>
   </datafield>
   <datafield ind2="0" ind1="0" tag="245">
      <subfield code="a">Self-driving RC car using deep learning</subfield>
   </datafield>
</record></metadata></record></GetRecord></OAI-PMH>